000 00517nam a22001815i 4500
001 171798
003 ES-MaACL
005 20231228210331.0
008 090601s1972 sp |||| | spa d
080 _a821.143.2-31"19"
100 1 _aSolís, Ramón,
_d1923-1978
_9107215
245 1 3 _aEl alijo y otros relatos /
_cRamón Solís.
250 _a[1ª ed.].
260 _aBarcelona :
_bPlaneta,
_c[1972]
300 _a231 p. ;
_c19 cm.
852 _aES-MaACL
_jC-49783
_9R.84109
999 _c171798
_d171798